000
00322nam a2200133Ia 4500
008
100328s9999 xx 000 0 und d
082
_b
61158
100
_a
Weale Anne.
245
_a
The Man From Madrid.
260
_b
Mills & Boon.
630
_a
The Man From Madrid.
730
_a
The Man From Madrid.
942
_c
BOOK
999
_c
547261
_d
547258